Score 0/20 Timer 03:00
2 Plays Today
TV Show Missing Word % Correct
Six ______ UnderFeet
98.4%
_________ Night LiveSaturday
96.3%
_________ DevelopmentArrested
94%
The __________ ZoneTwilight
93.4%
The _____ WingWest
93.3%
_____ Your EnthusiasmCurb
92.8%
I Love _____Lucy
91.2%
All in the _______Family
90.6%
_________ BadBreaking
90.6%
The _____ Tyler Moore ShowMary
89.7%
TV Show Missing Word % Correct
30 ______Rock
87.9%
Friday Night ________Lights
87.3%
The X-______Files
86.3%
Twin ______Peaks
82.7%
The Daily Show with Jon _______Stewart
81.6%
Star _____Trek
80.6%
____ MenMad
79.9%
Hill Street ______Blues
79.7%
________ FamilyModern
71.7%
The Larry ________ ShowSanders
51.8%

Today's Daily Dose

You're not logged in!

Compare scores with friends on all Sporcle quizzes.
OR
Log In

Sporcle TV

Today on Sporcle TV


Watch our educational content, quiz creation guides, and fun videos on Sporcle TV.

Show Comments

Extras

Top Quizzes Today


Score Distribution

Paid Content

Your Account Isn't Verified!

In order to create a playlist on Sporcle, you need to verify the email address you used during registration. Go to your Sporcle Settings to finish the process.

Report this User

Report this user for behavior that violates our Community Guidelines.

Details: